Die Tretjakow-Galerie in Moskau Malerei

Bibliographic Details
Format: Book
Language:Undetermined
PhysicalDescription:326 s.
Published: Leningrad Aurora-Kunstverlag 1979

MARC

LEADER 00000nam a2200000 a 4500
001 vtls001266630
003 SK-MaSNL
005 20260224151135.0
008 210928s1979 xx 0 und
035 |a SNK000217575 
040 |a SNK  |b slo  |c SNK  |e AACR2 
245 1 4 |a Die Tretjakow-Galerie in Moskau  |b Malerei 
260 |a Leningrad  |b Aurora-Kunstverlag  |c 1979 
300 |a 326 s. 
958 |a OND 
999 |c 1056012  |d 1057942 
952 |t P60, <04>, [BOOK], {604}  |a SNK  |b SNK  |y VYP  |7 0  |p 17A0018753  |o snkIB 43154  |0 0  |1 0  |4 0  |d 1996-11-19  |l 0  |r 2005-01-01 00:00:00  |w 2026-02-24